Implementácia systému CRM v konkrétnom podniku bakalárska práca

Salvato in:
Dettagli Bibliografici
Autore principale: Labantová, Veronika
Ente Autore: Podnikovohospodárska fakulta EU so sídlom v Košiciach. Katedra finančného riadenia podniku
Altri autori: Ručinský, Rastislav
Natura: Libro
Lingua:slovacco
Pubblicazione: Košice 2018
Tags: Aggiungi Tag
Nessun Tag, puoi essere il primo ad aggiungerne!!

MARC

LEADER 00000nbm a2200000 4500
001 0245787
005 20181018110251.0
041 0 |a slo 
044 |a SK 
245 1 0 |a Implementácia systému CRM v konkrétnom podniku  |b bakalárska práca  |c Veronika Labantová ; školiteľ: Rastislav Ručinský 
264 1 |a Košice  |c 2018 
300 |a 52 s. 
100 1 |a Labantová, Veronika 
700 1 |a Ručinský, Rastislav 
710 2 |a Podnikovohospodárska fakulta EU so sídlom v Košiciach. Katedra finančného riadenia podniku